ბათუმის შოთა რუსთაველის სახელმწიფო უნივერსიტეტის ბიბლიოთეკა

Селекция,сортоизучение,размножение и экономика декоративных растении (ბიბ.ჩანაწერი № 45811)

000 -LEADER
fixed length control field 00683nam a2200181Ia 4500
001 - CONTROL NUMBER
control field 12640
003 - CONTROL NUMBER IDENTIFIER
control field GE_BSU
008 - FIXED-LENGTH DATA ELEMENTS--GENERAL INFORMATION
fixed length control field 181216s||||||||xx |||||||||||||| ||und||
040 ## - CATALOGING SOURCE
Transcribing agency GE_BSU
080 ## - UNIVERSAL DECIMAL CLASSIFICATION NUMBER
Universal Decimal Classification number 635.9
245 ## - TITLE STATEMENT
Title Селекция,сортоизучение,размножение и экономика декоративных растении
245 ## - TITLE STATEMENT
Statement of responsibility, etc. Ред.колл.Болдырев,М.И. Гл.ред.М.И.Болдырев
260 ## - PUBLICATION, DISTRIBUTION, ETC.
Place of publication, distribution, etc. Мичуринск
260 ## - PUBLICATION, DISTRIBUTION, ETC.
Date of publication, distribution, etc. 1988
300 ## - PHYSICAL DESCRIPTION
Extent 94стр.22см.
653 ## - INDEX TERM--UNCONTROLLED
Uncontrolled term Селекция,сортоизучение,размножение и экономика декоративных растении
942 ## - ADDED ENTRY ELEMENTS (KOHA)
Koha item type წიგნი
ეგზემპლარები
Withdrawn status Lost status Damaged status Not for loan Date acquired Barcode Date last seen Price effective from Koha item type
        2018-12-17 20499 2018-12-17 2018-12-17 წიგნი
        2018-12-17 20601 2018-12-17 2018-12-17 წიგნი